<?xml version="1.0" encoding="UTF-8"?>
<record
    xmlns:xsi="http://www.w3.org/2001/XMLSchema-instance"
    xsi:schemaLocation="http://www.loc.gov/MARC21/slim http://www.loc.gov/standards/marcxml/schema/MARC21slim.xsd"
    xmlns="http://www.loc.gov/MARC21/slim">

  <leader>00779nam a22001937a 4500</leader>
  <controlfield tag="005">20220427121002.0</controlfield>
  <controlfield tag="008">220427b           ||||| |||| 00| 0 eng d</controlfield>
  <datafield tag="040" ind1=" " ind2=" ">
    <subfield code="c">AL</subfield>
  </datafield>
  <datafield tag="041" ind1=" " ind2=" ">
    <subfield code="a">Kannada</subfield>
  </datafield>
  <datafield tag="082" ind1=" " ind2=" ">
    <subfield code="2">23</subfield>
    <subfield code="a">324.2092K</subfield>
    <subfield code="b">NINK</subfield>
  </datafield>
  <datafield tag="100" ind1=" " ind2=" ">
    <subfield code="a">S.Ningaraj &#xC8E;&#xCB8;&#xCCD;.&#xCA8;&#xCBF;&#xC82;&#xC97;&#xCB0;&#xCBE;&#xC9C;&#xCCD;  </subfield>
    <subfield code="9">32355</subfield>
  </datafield>
  <datafield tag="245" ind1=" " ind2=" ">
    <subfield code="a">Kriyasheela:M P Prakash Abinandana Grantha &#xC95;&#xCCD;&#xCB0;&#xCBF;&#xCAF;&#xCBE;&#xCB6;&#xCC0;&#xCB2; :&#xC8E;&#xC82;.&#xCAA;&#xCBF;. &#xCAA;&#xCCD;&#xCB0;&#xC95;&#xCBE;&#xCB6;&#xCCD; &#xC85;&#xCAD;&#xCBF;&#xCA8;&#xC82;&#xCA6;&#xCA8; &#xC97;&#xCCD;&#xCB0;&#xC82;&#xCA5;   </subfield>
  </datafield>
  <datafield tag="260" ind1=" " ind2=" ">
    <subfield code="a">Bellary Dist.&#xCAC;&#xCB3;&#xCCD;&#xCB3;&#xCBE;&#xCB0;&#xCBF; &#xC9C;&#xCBF;&#xCB2;&#xCCD;&#xCB2;&#xCC6; </subfield>
    <subfield code="b">Ranga Bharathi &#xCB0;&#xC82;&#xC97; &#xCAD;&#xCBE;&#xCB0;&#xCA4;&#xCBF; </subfield>
    <subfield code="c">2001</subfield>
  </datafield>
  <datafield tag="300" ind1=" " ind2=" ">
    <subfield code="a">xii,186 p.</subfield>
    <subfield code="b">PB</subfield>
    <subfield code="c">21x14 cm.</subfield>
  </datafield>
  <datafield tag="365" ind1=" " ind2=" ">
    <subfield code="c">&#x20B9;</subfield>
    <subfield code="d">&#x20B9;130.00</subfield>
  </datafield>
  <datafield tag="650" ind1=" " ind2=" ">
    <subfield code="a">jeevana vahini &#xC9C;&#xCC0;&#xCB5;&#xCA8; &#xCB5;&#xCBE;&#xCB9;&#xCBF;&#xCA8;&#xCBF; </subfield>
    <subfield code="9">32353</subfield>
  </datafield>
  <datafield tag="700" ind1=" " ind2=" ">
    <subfield code="a">NINGARAJ (S)</subfield>
    <subfield code="9">32354</subfield>
  </datafield>
  <datafield tag="942" ind1=" " ind2=" ">
    <subfield code="2">ddc</subfield>
    <subfield code="c">GF</subfield>
  </datafield>
  <datafield tag="999" ind1=" " ind2=" ">
    <subfield code="c">222671</subfield>
    <subfield code="d">222671</subfield>
  </datafield>
  <datafield tag="952" ind1=" " ind2=" ">
    <subfield code="0">0</subfield>
    <subfield code="1">0</subfield>
    <subfield code="2">ddc</subfield>
    <subfield code="4">0</subfield>
    <subfield code="7">0</subfield>
    <subfield code="8">PS</subfield>
    <subfield code="a">AL</subfield>
    <subfield code="b">AL</subfield>
    <subfield code="d">2013-03-23</subfield>
    <subfield code="l">0</subfield>
    <subfield code="o">324.2092K NINK</subfield>
    <subfield code="p">GF02939</subfield>
    <subfield code="r">2022-04-27 00:00:00</subfield>
    <subfield code="v">130.00</subfield>
    <subfield code="w">2022-04-27</subfield>
    <subfield code="y">GF</subfield>
  </datafield>
</record>
